[Event "Women's Speed Chess Q7"]
[Site "chess.com INT"]
[Date "2021.06.06"]
[Round "5"]
[White "Nurmanova, Alua"]
[Black "Bivol, Alina"]
[Result "1-0"]
[WhiteTitle "WFM"]
[BlackTitle "WGM"]
[WhiteElo "2093"]
[BlackElo "2374"]
[WhiteFideId "13729390"]
[BlackFideId "4100123"]
[EventDate "2021.06.06"]

1. e4 e6 2. d4 d5 3. Nc3 dxe4 4. Nxe4 Nd7 5. Nf3 Ngf6 6. Bg5 h6 7. Bxf6 Nxf6 8.
Bd3 Be7 9. O-O O-O 10. Qe2 Bd7 11. Ne5 b6 12. Rad1 Nxe4 13. Qxe4 f5 14. Qe2 Bf6
15. Nxd7 Qxd7 16. Bc4 Rfe8 17. Rfe1 Kh8 18. Bxe6 Qa4 19. Qf3 Rad8 20. Qxf5 Bxd4
21. h4 Bf6 22. Rxd8 Rxd8 23. Qg6 Qa5 24. Rf1 Qe5 25. Bf5 Kg8 26. Qh7+ Kf7 27.
Qg6+ Ke7 28. Bd3 c5 29. f4 Qe3+ 30. Kh1 Rd4 31. Bb5 Rxf4 32. Qe8+ Kd6 33. Rd1+
Rd4 34. Qxe3 Rxd1+ 35. Kh2 Be5+ 36. g3 Rd4 37. Kg2 h5 38. c3 Rg4 39. Qd3+ Ke7
40. Qd7+ Kf6 41. Qd8+ Kg6 42. Bd3+ Kf7 43. Qd7+ Kf6 44. Qf5+ Ke7 45. Qxe5+ 1-0

[Event "Women's Speed Chess Q7"]
[Site "chess.com INT"]
[Date "2021.06.06"]
[Round "5"]
[White "Chu, Ruotong"]
[Black "Voit, Daria"]
[Result "1-0"]
[WhiteTitle "WIM"]
[BlackTitle "WGM"]
[WhiteElo "2207"]
[BlackElo "2354"]
[WhiteFideId "8605653"]
[BlackFideId "4182146"]
[EventDate "2021.06.06"]

1. d4 d5 2. Nf3 Nf6 3. g3 g6 4. Bg2 Bg7 5. O-O O-O 6. c4 c6 7. Nc3 dxc4 8. a4 h6
9. Bf4 Be6 10. Ne5 Nfd7 11. Nxd7 Nxd7 12. Qd2 Kh7 13. e4 Nb6 14. Rfd1 Qd7 15. a5
Nc8 16. d5 cxd5 17. exd5 Bh3 18. Bxh3 Qxh3 19. Qe2 Nd6 20. Qxe7 Nf5 21. Qxb7 g5
22. Be3 Nxe3 23. fxe3 Rae8 24. d6 Rxe3 25. Qg2 Qd7 26. Qc2+ Kg8 27. Nd5 Re6 28.
Ne7+ Kh8 29. Nf5 Be5 30. Qxc4 Rd8 31. Rd5 Bf6 32. Rad1 Rc8 33. Qd3 h5 34. Qf3 g4
35. Qd3 Rce8 36. Ne7 Bxe7 37. Rxh5+ Kg7 38. Qh7+ Kf8 39. Qh8# 1-0

[Event "Women's Speed Chess Q7"]
[Site "chess.com INT"]
[Date "2021.06.06"]
[Round "5"]
[White "Fominykh, Maria"]
[Black "Balabayeva, Xeniya"]
[Result "0-1"]
[WhiteTitle "WGM"]
[BlackTitle "WFM"]
[WhiteElo "2206"]
[BlackElo "2116"]
[WhiteFideId "4142411"]
[BlackFideId "13719688"]
[EventDate "2021.06.06"]

1. d4 d5 2. c4 e6 3. Nc3 a6 4. Nf3 Nf6 5. cxd5 exd5 6. Bg5 Be7 7. e3 O-O 8. Bd3
h6 9. Bh4 b6 10. Ne5 Bb7 11. O-O Nbd7 12. f4 c5 13. Bf5 Re8 14. Qf3 b5 15. dxc5
Nxc5 16. Rad1 Qb6 17. Qf2 Rad8 18. Ne2 Nce4 19. Qe1 Qxe3+ 20. Kh1 Qb6 21. Nd4
Bc5 22. Nb3 Bf8 23. Qe2 a5 24. Nd4 Bc5 25. Nxb5 Ba6 26. a4 Bb7 27. Qd3 g5 28.
fxg5 hxg5 29. Be1 Rxe5 30. Qf3 Kg7 31. Bg4 Rh8 0-1

[Event "Women's Speed Chess Q7"]
[Site "chess.com INT"]
[Date "2021.06.06"]
[Round "5"]
[White "Garifullina, Leya"]
[Black "Gevorgyan, Maria"]
[Result "0-1"]
[WhiteTitle "WGM"]
[BlackTitle "WGM"]
[WhiteElo "2399"]
[BlackElo "2219"]
[WhiteFideId "34127035"]
[BlackFideId "13300270"]
[EventDate "2021.06.06"]

1. e4 c5 2. Nf3 Nc6 3. d4 cxd4 4. Nxd4 g6 5. c4 Nf6 6. Nc3 Nxd4 7. Qxd4 d6 8.
Be3 Bg7 9. Be2 O-O 10. Qd2 a5 11. f3 a4 12. Kf2 Qa5 13. Rac1 Be6 14. Nd5 Bxd5
15. Qxa5 Rxa5 16. cxd5 Rb8 17. Rc7 Ne8 18. Rxe7 Bxb2 19. Rb1 a3 20. Bc4 Kf8 21.
Rd7 b5 22. Bb3 b4 23. Rd1 Ra6 24. f4 Rc8 25. Kf3 Nf6 26. Rb7 Bc3 27. Rb6 Rxb6
28. Bxb6 Bb2 29. Bd4 Bxd4 30. Rxd4 Rc3+ 31. Ke2 Nh5 32. g3 Nf6 33. Rxb4 Ng4 34.
Kd2 Rf3 35. Rb6 Nxh2 36. Rxd6 Rxg3 37. e5 Nf3+ 38. Ke3 Nxe5+ 39. Kf2 Rf3+ 40.
Ke2 Rxf4 41. Ke3 Rb4 42. Ra6 h5 43. d6 h4 44. Ra8+ Kg7 45. Re8 Kf6 46. Rh8 g5
47. Rh6+ Kg7 48. Rh8 Kxh8 49. Kf2 g4 50. Kg2 g3 51. Kh3 Rxb3 52. axb3 a2 53. b4
a1=Q 54. b5 Qh1# 0-1

[Event "Women's Speed Chess Q7"]
[Site "chess.com INT"]
[Date "2021.06.06"]
[Round "5"]
[White "Papp, Petra"]
[Black "Paehtz, Elisabeth"]
[Result "1-0"]
[WhiteTitle "WGM"]
[BlackTitle "IM"]
[WhiteElo "2336"]
[BlackElo "2456"]
[WhiteFideId "739049"]
[BlackFideId "4641833"]
[EventDate "2021.06.06"]

1. e4 g6 2. d4 Bg7 3. Nc3 d6 4. Be3 a6 5. h4 h6 6. h5 g5 7. f4 gxf4 8. Bxf4 Nc6
9. Nf3 Bg4 10. Be3 e5 11. d5 Nd4 12. Be2 Bxf3 13. Bxf3 Ne7 14. Qd2 c5 15. O-O-O
b5 16. Bg4 Qa5 17. Kb1 b4 18. Ne2 Qb5 19. Rhf1 a5 20. Ng3 a4 21. Bxd4 cxd4 22.
Qf2 Rf8 23. Be2 Qc5 24. Qe1 O-O-O 25. b3 Kb8 26. Bc4 Nc8 27. Nf5 Bf6 28. Nxh6
Be7 29. Rxf7 Rxf7 30. Nxf7 Rf8 31. Qf1 Nb6 32. h6 Nxc4 33. bxc4 b3 34. cxb3 axb3
35. Rd2 Bg5 36. Rb2 Qc7 37. Rxb3+ Kc8 38. Qf5+ Qd7 39. Rb8+ 1-0

[Event "Women's Speed Chess Q7"]
[Site "chess.com INT"]
[Date "2021.06.06"]
[Round "5"]
[White "Arpita, Mukherjee"]
[Black "Cyfka, Karina"]
[Result "1-0"]
[WhiteTitle "WIM"]
[BlackTitle "IM"]
[WhiteElo "2206"]
[BlackElo "2417"]
[WhiteFideId "5056403"]
[BlackFideId "1122681"]
[EventDate "2021.06.06"]

1. e4 e5 2. Nf3 Nc6 3. Bb5 a6 4. Ba4 Nf6 5. d3 b5 6. Bb3 Be7 7. O-O O-O 8. a4 b4
9. a5 d6 10. Nbd2 Nd7 11. Nc4 Nc5 12. Ba4 Nxa4 13. Rxa4 f5 14. exf5 Bxf5 15. h3
Kh8 16. d4 e4 17. Nh2 d5 18. Ne3 Bg6 19. Nhg4 Bf6 20. c3 bxc3 21. bxc3 h5 22.
Nxf6 Rxf6 23. Qb3 Ne7 24. Ba3 c6 25. Qb7 Nf5 26. Nxf5 Bxf5 27. Be7 Rf7 28. Bxd8
Rxb7 29. Bb6 g5 30. c4 Be6 31. cxd5 Bxd5 32. Ra3 Kg7 33. Rg3 Kf6 34. f4 exf3 35.
gxf3 Kf5 36. Re1 Rg8 37. Re5+ Kf4 38. Kf2 Rf7 39. Bc5 g4 40. hxg4 hxg4 41. Ba3
Bxf3 42. Bc1# 1-0

[Event "Women's Speed Chess Q7"]
[Site "chess.com INT"]
[Date "2021.06.06"]
[Round "5"]
[White "Mohota, Nisha"]
[Black "Mendoza, Shania Mae"]
[Result "1-0"]
[WhiteTitle "IM"]
[BlackTitle "WFM"]
[WhiteElo "2195"]
[BlackElo "2158"]
[WhiteFideId "5004330"]
[BlackFideId "5211158"]
[EventDate "2021.06.06"]

1. b3 e5 2. Bb2 Nc6 3. c4 Nf6 4. Nf3 Bd6 5. e3 O-O 6. Be2 Re8 7. O-O Bf8 8. d4
e4 9. Nfd2 d5 10. Nc3 Bf5 11. cxd5 Nxd5 12. Nxd5 Qxd5 13. Bc4 Qd7 14. Rc1 a6 15.
a3 Ne7 16. b4 Ng6 17. f4 exf3 18. Qxf3 Be6 19. Qxb7 Rab8 20. Qf3 Bd6 21. Bxa6
Rf8 22. Bc4 Bg4 23. Qf2 Qe7 24. Nf3 Rbe8 25. Rfe1 Be6 26. Bb5 Rd8 27. Bc6 h6 28.
Rc2 Kh8 29. e4 Bg4 30. e5 Bxe5 31. dxe5 Bf5 32. Rce2 Nf4 33. Rd2 Nd3 34. Rxd3
Rxd3 35. Nh4 1-0

[Event "Women's Speed Chess Q7"]
[Site "chess.com INT"]
[Date "2021.06.06"]
[Round "5"]
[White "Gunina, Valentina"]
[Black "Mkrtchian, Lilit"]
[Result "1-0"]
[WhiteTitle "GM"]
[BlackTitle "IM"]
[WhiteElo "2436"]
[BlackElo "2388"]
[WhiteFideId "4167570"]
[BlackFideId "13300601"]
[EventDate "2021.06.06"]

1. d4 Nf6 2. c4 c6 3. Nf3 d5 4. g3 dxc4 5. Bg2 g6 6. O-O Ne4 7. Na3 Nd6 8. Qc2
Bg7 9. Nxc4 Nxc4 10. Qxc4 O-O 11. Bf4 Nd7 12. Rfd1 Nb6 13. Qc2 Nd5 14. Bd2 Bg4
15. h3 Bxf3 16. Bxf3 Bxd4 17. Bh6 Qb6 18. Bxf8 Bxf2+ 19. Kh1 Rxf8 20. Bxd5 cxd5
21. Rd3 e6 22. Rf1 Bc5 23. Qd2 Bd6 24. b3 Qc7 25. Kg2 Rc8 26. Qh6 Qc2 27. Rdf3
Rc6 28. Rxf7 Qxe2+ 29. R7f2 Qe4+ 30. Kh2 Rc8 31. Qd2 Qe5 32. Qf4 Qxf4 33. gxf4
g5 34. Rg1 h6 35. h4 Kf7 36. hxg5 hxg5 37. Rxg5 Rc3 38. Kg2 Kf6 39. Rg3 Rc1 40.
Rh3 Ra1 41. Rh6+ Kf5 42. Rh5+ Kg4 43. Rg5+ Kh4 44. Kf3 Rh1 45. Rg6 Rh3+ 46. Ke2
Rc3 47. Rh2+ Rh3 48. Rh6+ Kg4 49. R2xh3 1-0

[Event "Women's Speed Chess Q7"]
[Site "chess.com INT"]
[Date "2021.06.06"]
[Round "5"]
[White "Ziegenfuss, Antonia"]
[Black "Obregon Garcia, Roxangel"]
[Result "1-0"]
[WhiteTitle "WFM"]
[BlackTitle "WIM"]
[WhiteElo "2157"]
[BlackElo "2167"]
[WhiteFideId "12962554"]
[BlackFideId "3520420"]
[EventDate "2021.06.06"]

1. d4 d5 2. c4 c6 3. Nc3 Nf6 4. cxd5 cxd5 5. f3 Nc6 6. e4 dxe4 7. d5 Ne5 8. fxe4
e6 9. Nf3 Nxf3+ 10. Qxf3 exd5 11. Bb5+ Bd7 12. e5 Bxb5 13. exf6 Bc4 14. Bg5 Qd7
15. O-O-O O-O-O 16. fxg7 Bxg7 17. Bxd8 Rxd8 18. b3 Qd6 19. Qg4+ Kb8 20. Qxg7
Qa3+ 21. Kc2 Ba6 22. Qe5+ Ka8 23. Rxd5 Rc8 24. Kb1 Qb4 25. Qc7 Qf8 26. Qd7 Rxc3
27. Qd8+ Rc8 28. Qxf8 Rxf8 29. Rhd1 Kb8 30. Rd8+ Rxd8 31. Rxd8+ Kc7 32. Rf8 Bd3+
33. Kb2 Bg6 34. Kc3 b6 35. Kd4 Kd7 36. Ke5 Ke7 37. Ra8 a5 38. Rb8 1-0

[Event "Women's Speed Chess Q7"]
[Site "chess.com INT"]
[Date "2021.06.06"]
[Round "5"]
[White "Koridze, Lile"]
[Black "Corrales Jimenez, Zenia"]
[Result "1-0"]
[WhiteTitle "WFM"]
[BlackTitle "WIM"]
[WhiteElo "2016"]
[BlackElo "2189"]
[WhiteFideId "13612514"]
[BlackFideId "3506355"]
[EventDate "2021.06.06"]

1. d4 d5 2. c4 e6 3. Nf3 Nf6 4. g3 Be7 5. Bg2 O-O 6. O-O c6 7. Qc2 Nbd7 8. Rd1
b6 9. Bf4 Bb7 10. Nc3 Rc8 11. e4 dxe4 12. Nxe4 Nxe4 13. Qxe4 Nf6 14. Qc2 c5 15.
dxc5 Qe8 16. cxb6 axb6 17. b3 Be4 18. Qe2 Qc6 19. Ne5 Qb7 20. Bxe4 Nxe4 21. Rd7
Nc3 22. Qd3 Qa6 23. Rxe7 Qa5 24. Rd7 f6 25. Nf3 e5 26. Bd2 e4 27. Bxc3 exd3 28.
Bxa5 bxa5 29. Rxd3 Rfe8 30. Re1 a4 31. Rxe8+ Rxe8 32. bxa4 Ra8 33. Rc3 Rxa4 34.
Rc2 Kf7 35. c5 Ke7 36. c6 Kd8 37. Nd2 Kc8 38. Nc4 Ra6 39. Nd6+ Kc7 40. Nb5+ Kc8
41. c7 f5 42. f4 g6 43. Kg2 h5 44. Kh3 Rb6 45. Na7+ Kb7 46. c8=Q+ Kxa7 47. Rc7+ 1-0

[Event "Women's Speed Chess Q7"]
[Site "chess.com INT"]
[Date "2021.06.06"]
[Round "5"]
[White "Petrova, Irina"]
[Black "Morris-Suzuki, Sophie"]
[Result "0-1"]
[WhiteTitle "WIM"]
[BlackTitle "WFM"]
[WhiteElo "2110"]
[BlackElo "2043"]
[WhiteFideId "14124122"]
[BlackFideId "30922615"]
[EventDate "2021.06.06"]

1. e4 c6 2. d4 d5 3. e5 Bf5 4. h4 h5 5. c4 e6 6. Nc3 Nd7 7. Bg5 Be7 8. cxd5 exd5
9. Nf3 Nh6 10. Bxh6 Rxh6 11. Bd3 Bxd3 12. Qxd3 Rg6 13. g3 Nf8 14. Nd1 Qd7 15.
Ne3 Bb4+ 16. Kf1 Ne6 17. a3 Be7 18. Nf5 c5 19. Nxe7 Kxe7 20. Rc1 c4 21. Qd2 Qb5
22. Kg2 Rc8 23. Rhe1 Qb3 24. Ng5 Qb6 25. Nxe6 fxe6 26. Rc3 Rf8 27. Ree3 Rf5 28.
Rf3 Qd8 29. Rxf5 exf5 30. Rf3 Qd7 31. Qb4+ Kf7 32. Qc5 Rc6 33. Qb4 Rb6 34. Qd2
Qe6 35. Qg5 g6 36. Qh6 Rxb2 37. Qh7+ Ke8 38. Qh8+ Kd7 39. Qg7+ Kc6 40. Qf8 Rb3
41. Re3 Rxe3 42. fxe3 Kd7 43. Qc5 Qc6 44. Qb4 c3 45. Qb1 c2 46. Qc1 Qc3 47. Kf3
Qd3 48. a4 Qd1+ 0-1

[Event "Women's Speed Chess Q7"]
[Site "chess.com INT"]
[Date "2021.06.06"]
[Round "5"]
[White "Varshini, V"]
[Black "Pandey, Srishti"]
[Result "1-0"]
[WhiteTitle "WGM"]
[BlackTitle "WFM"]
[WhiteElo "2226"]
[BlackElo "2026"]
[WhiteFideId "5091241"]
[BlackFideId "35093290"]
[EventDate "2021.06.06"]

1. e4 d5 2. exd5 Nf6 3. Nf3 Qxd5 4. d4 a6 5. Be2 Nc6 6. O-O Bg4 7. h3 Bh5 8. c4
Qd6 9. d5 Ne5 10. Nxe5 Qxe5 11. Bxh5 Qxh5 12. Nc3 O-O-O 13. Be3 e6 14. Qxh5 Nxh5
15. dxe6 fxe6 16. Rad1 Be7 17. Rfe1 Bf6 18. Na4 e5 19. b3 Nf4 20. Nc5 Be7 21.
Bxf4 Bxc5 22. Bxe5 Rhe8 23. Rxd8+ Kxd8 24. Bc3 Rxe1+ 25. Bxe1 g6 26. Kf1 Kd7 27.
Ke2 Ke6 28. Bd2 Kf5 29. Be3 Be7 30. Kd3 c6 31. Bd2 Ke6 32. b4 b5 33. a3 Ke5 34.
Bc3+ Ke6 35. Bd4 Bf8 36. Bc5 Bg7 37. Bd4 Bf8 38. cxb5 cxb5 39. Ke4 Be7 40. f4
Bd6 41. g4 Be7 42. f5+ gxf5+ 43. gxf5+ Kf7 44. Kd5 a5 45. bxa5 Bxa3 46. a6 b4
47. a7 b3 48. a8=Q b2 49. Bxb2 Bxb2 50. Qb7+ Kf6 51. Qxb2+ Kxf5 52. Qg7 h5 53.
h4 Kf4 54. Qg5+ Kf3 55. Qxh5+ Kg2 56. Qg5+ Kh1 57. h5 1-0

[Event "Women's Speed Chess Q7"]
[Site "chess.com INT"]
[Date "2021.06.06"]
[Round "5"]
[White "Frayna, Janelle Mae"]
[Black "Nguyen, Hong Ngoc"]
[Result "1/2-1/2"]
[WhiteTitle "WGM"]
[BlackTitle "WCM"]
[WhiteElo "2179"]
[BlackElo "1957"]
[WhiteFideId "5212499"]
[BlackFideId "12403083"]
[EventDate "2021.06.06"]

1. e4 c6 2. d4 d5 3. Nd2 dxe4 4. Nxe4 Nf6 5. Nxf6+ exf6 6. c3 Bd6 7. Bd3 O-O 8.
Qc2 Re8+ 9. Ne2 g6 10. Be3 a5 11. O-O-O Nd7 12. h4 Nf8 13. h5 f5 14. hxg6 fxg6
15. Kb1 a4 16. Bh6 Be6 17. Nf4 Bf7 18. Nh3 Be7 19. f4 Qd5 20. c4 Qxd4 21. Bxf5
Qxc4 22. Qxc4 Bxc4 23. Bc2 Bf6 24. Ng5 Bxg5 25. Bxg5 Re2 26. Rd4 Bd5 27. Rhd1
Rxg2 28. Be4 Bxe4+ 29. Rxe4 a3 30. bxa3 Rxa3 31. Rd8 Raxa2 32. Be7 Rab2+ 33. Kc1
Rbe2 34. Rxf8+ Kg7 35. Rxe2 Rxe2 36. Bd6 Re6 37. Rd8 h5 38. Rd7+ Kf6 39. Be5+
Kf5 40. Rxb7 h4 41. Rh7 Kg4 42. Kd2 h3 43. Ke3 Kg3 44. Ke4 Kg2 45. f5 gxf5+ 46.
Kxf5 Rxe5+ 47. Kxe5 h2 48. Kd6 c5 49. Kxc5 h1=Q 50. Rxh1 Kxh1 1/2-1/2

[Event "Women's Speed Chess Q7"]
[Site "chess.com INT"]
[Date "2021.06.06"]
[Round "5"]
[White "Purtseladze, Maka"]
[Black "Komiagina, Maria"]
[Result "1/2-1/2"]
[WhiteTitle "IM"]
[BlackTitle "WIM"]
[WhiteElo "2274"]
[BlackElo "2241"]
[WhiteFideId "13602659"]
[BlackFideId "4153987"]
[EventDate "2021.06.06"]

1. b3 Nf6 2. Bb2 d5 3. e3 c6 4. d4 e6 5. Bd3 Bd6 6. f4 O-O 7. Nd2 b6 8. Ngf3 Bb7
9. O-O Nbd7 10. Ne5 Qe7 11. Qf3 c5 12. Qh3 g6 13. g4 Ne4 14. Ndf3 f6 15. Nxd7
Qxd7 16. g5 f5 17. Rfd1 Rac8 18. Bxe4 fxe4 19. Ne5 Bxe5 20. dxe5 Qe7 21. c4 d4
22. Qg3 d3 23. Bc3 Rcd8 24. Rd2 a6 25. h4 Kg7 26. h5 b5 27. Kf2 Qf7 28. hxg6
hxg6 29. Rh1 Rh8 30. Rdd1 Rh5 31. Rxh5 gxh5 32. Rh1 Qg6 33. Bd2 Rh8 34. cxb5
axb5 35. Qh3 Bc6 36. Rc1 Bd7 37. Rxc5 Rc8 38. Rxc8 Bxc8 39. a4 bxa4 40. bxa4 Qe8
41. a5 Kg6 42. Qg2 Qb5 43. Qxe4+ Kg7 44. Qb4 Qc6 45. Qc3 Qb7 46. Kg3 h4+ 47.
Kxh4 Qg2 48. Qc7+ Kg6 49. Qxc8 Qh2+ 50. Kg4 Qg2+ 51. Kh4 Qh2+ 52. Kg4 Qg2+ 53.
Kh4 1/2-1/2

[Event "Women's Speed Chess Q7"]
[Site "chess.com INT"]
[Date "2021.06.06"]
[Round "5"]
[White "Padmini, Rout"]
[Black "Nikolova, Adriana"]
[Result "1-0"]
[WhiteTitle "IM"]
[BlackTitle "WGM"]
[WhiteElo "2370"]
[BlackElo "2243"]
[WhiteFideId "5029295"]
[BlackFideId "2908689"]
[EventDate "2021.06.06"]

1. e4 c6 2. Nc3 d5 3. Nf3 dxe4 4. Nxe4 Nf6 5. Nxf6+ exf6 6. d4 Bd6 7. h3 O-O 8.
Be2 Re8 9. O-O Nd7 10. c3 Nf8 11. Be3 Be6 12. Qd2 Qd7 13. Bf4 Bxf4 14. Qxf4 Bxh3
15. Bc4 Be6 16. Bd3 Rad8 17. a4 a6 18. a5 c5 19. Rfd1 c4 20. Bc2 Bd5 21. Re1
Rxe1+ 22. Rxe1 Re8 23. Rxe8 Qxe8 24. Kh2 Qd8 25. Nd2 Ne6 26. Qh4 g6 27. Ne4 Bxe4
28. Qxe4 Qc7+ 29. g3 f5 30. Qd5 Ng5 31. Kg2 h5 32. f4 Ne6 33. Ba4 Kg7 34. Bd7
Nd8 35. Qe5+ Qxe5 36. fxe5 Kf8 37. d5 Ke7 38. Bc8 g5 39. d6+ Ke8 40. Kf3 g4+ 41.
Kf4 Ne6+ 42. Kxf5 Nc5 43. Kg5 Kd8 44. Bf5 Nd3 45. Kf6 Nxb2 46. Kxf7 Na4 47. e6
Kc8 48. e7+ Kb8 49. e8=Q+ Ka7 50. Qe3+ Kb8 51. d7 Kc7 52. Qe5+ Kc6 53. d8=Q Nc5
54. Qee8+ Nd7 55. Qexd7+ Kc5 56. Qd5# 1-0

[Event "Women's Speed Chess Q7"]
[Site "chess.com INT"]
[Date "2021.06.06"]
[Round "5"]
[White "Batsiashvili, Nino"]
[Black "Nguyen, Hong Anh"]
[Result "0-1"]
[WhiteTitle "GM"]
[BlackTitle "WIM"]
[WhiteElo "2491"]
[BlackElo "1993"]
[WhiteFideId "13602993"]
[BlackFideId "12406732"]
[EventDate "2021.06.06"]

1. d4 Nf6 2. Nf3 g6 3. g3 Bg7 4. Bg2 O-O 5. O-O d5 6. b3 c5 7. Bb2 cxd4 8. Bxd4
Nc6 9. Bb2 Bf5 10. Nbd2 Rc8 11. c4 dxc4 12. Nxc4 Nb4 13. a3 Nc2 14. Rc1 b5 15.
Nce5 Qa5 16. Nd4 Nxd4 17. Qxd4 Rfd8 18. Qh4 Qd2 19. Rxc8 Rxc8 20. Ba1 Qxe2 21.
Nc6 Re8 22. Bd4 a6 23. b4 h5 24. Bc5 Bf8 25. Qf4 Qg4 26. Qxg4 Nxg4 27. Rd1 Nf6
28. h3 Be4 29. Bxe4 Nxe4 30. Rd7 Nxc5 31. bxc5 Rc8 32. Nxe7+ Bxe7 33. Rxe7 Rxc5
34. Ra7 Rc6 35. Kg2 Kg7 36. h4 Kf6 37. Kf3 Ke6 38. Ke4 Rc4+ 39. Kd3 Ra4 40. Rb7
Rxa3+ 41. Ke4 Ra4+ 42. Ke3 Kf6 43. Rb6+ Kg7 44. f3 b4 45. g4 hxg4 46. fxg4 a5
47. h5 Ra3+ 48. Kf4 gxh5 49. gxh5 Rh3 50. Kg4 Rc3 51. Rb5 Rc4+ 52. Kg5 a4 53.
h6+ Kh7 54. Rb7 Rc5+ 55. Kf6 b3 56. Rb4 Rc6+ 57. Kxf7 Ra6 58. Kf8 Kxh6 59. Ke7
Kg5 60. Kd7 a3 61. Rxb3 a2 62. Rg3+ Kf4 63. Rg1 a1=Q 64. Rxa1 Rxa1 65. Kc6 0-1

[Event "Women's Speed Chess Q7"]
[Site "chess.com INT"]
[Date "2021.06.06"]
[Round "5"]
[White "Tokhirjonova, Gulrukhbegim"]
[Black "Antolak, Julia"]
[Result "1/2-1/2"]
[WhiteTitle "WGM"]
[BlackTitle "WIM"]
[WhiteElo "2344"]
[BlackElo "2309"]
[WhiteFideId "14203626"]
[BlackFideId "1159569"]
[EventDate "2021.06.06"]

1. e4 c5 2. Nf3 e6 3. d4 cxd4 4. Nxd4 Nf6 5. Nc3 d6 6. Be2 Be7 7. Be3 Nc6 8. O-O
O-O 9. Kh1 a6 10. f4 Nxd4 11. Qxd4 Qc7 12. Rad1 b5 13. a3 Bb7 14. Bf3 e5 15. Qd2
Rac8 16. f5 Rfd8 17. Qf2 Nd7 18. g4 a5 19. g5 b4 20. axb4 axb4 21. f6 Bf8 22.
fxg7 Bxg7 23. Nb5 Qxc2 24. Rd2 Qc6 25. Nxd6 Nf8 26. Nf5 Rxd2 27. Bxd2 Qc4 28.
Rc1 Qe6 29. Rxc8 Bxc8 30. Bxb4 Kh8 31. Bh5 Qc6 32. Nd6 Be6 33. Bxf7 Bxf7 34.
Nxf7+ Kg8 35. Nd6 Qc1+ 36. Kg2 Qxg5+ 37. Qg3 Qxg3+ 38. hxg3 Ne6 39. Nf5 Bf6 40.
Bc3 Nc5 41. Kf3 Kf7 42. Ke3 Ke6 43. b4 Nb3 44. Kd3 Be7 45. Kc4 Nc1 46. b5 Bd6
47. Nxd6 Kxd6 48. Bb4+ Kc7 49. Kd5 Nd3 50. Bd6+ Kb6 51. Bxe5 Kxb5 52. Bg7 Kb6
53. e5 Kc7 54. e6 Kd8 55. Bf6+ Ke8 56. Ke4 Nc5+ 57. Kf5 Nd3 58. g4 Nf2 59. g5
Nd3 60. Kg4 Nc5 61. Kh5 Nxe6 62. Kh6 Kf7 63. Kxh7 Nxg5+ 1/2-1/2

[Event "Women's Speed Chess Q7"]
[Site "chess.com INT"]
[Date "2021.06.06"]
[Round "5"]
[White "Grineva, Marianna"]
[Black "Zakirova, Aisha"]
[Result "0-1"]
[WhiteTitle "WFM"]
[BlackTitle "WCM"]
[WhiteElo "2029"]
[BlackElo "1585"]
[WhiteFideId "14102013"]
[BlackFideId "13719734"]
[EventDate "2021.06.06"]

1. e4 c5 2. Nf3 d6 3. d4 cxd4 4. Nxd4 Nf6 5. Nc3 Nc6 6. f3 e5 7. Nb3 Be6 8. Be3
d5 9. exd5 Nxd5 10. Nxd5 Bxd5 11. c4 Bb4+ 12. Kf2 Be6 13. Bd3 Bxc4 14. Bxc4 Qh4+
15. g3 Qxc4 16. a3 Be7 17. Nd2 Qe6 18. Ne4 O-O 19. b4 Rfd8 20. Qc2 Nd4 21. Qa4
b5 22. Qa5 Nb3 23. Qxb5 Nxa1 24. Rxa1 Qb3 25. Re1 Bf8 26. Qxe5 Qxa3 27. Qf4 Qxb4
28. Re2 Rac8 29. Qf5 Qc4 30. Ng5 g6 31. Qh3 h5 32. g4 Bh6 33. gxh5 Bxg5 34. Bxg5
Qc5+ 35. Be3 Qxh5 36. Qxh5 gxh5 37. Bxa7 Ra8 38. Be3 Re8 39. Kg3 Kh7 40. f4 f5
41. Kf3 Rg8 42. Rd2 Ra3 43. Rd7+ Rg7 44. Rd6 Re7 45. Kf2 Raxe3 46. Rf6 Re2+ 47.
Kg3 R7e3+ 48. Kh4 Rxh2+ 49. Kg5 Rg3+ 50. Kxf5 h4 51. Rf7+ Rg7 52. Rf6 h3 53. Ra6
Rf2 54. Ra3 Rh2 55. Rxh3+ Rxh3 56. Kf6 Rh6+ 57. Ke5 Ra6 58. f5 Rf7 59. f6 Raxf6
60. Kd5 Kg6 0-1

[Event "Women's Speed Chess Q7"]
[Site "chess.com INT"]
[Date "2021.06.06"]
[Round "5"]
[White "Dong, Khanh Linh"]
[Black "Kulkarni, Bhakti"]
[Result "0-1"]
[WhiteTitle "WCM"]
[BlackTitle "IM"]
[WhiteElo "1970"]
[BlackElo "2391"]
[WhiteFideId "12403040"]
[BlackFideId "5019516"]
[EventDate "2021.06.06"]

1. e4 e5 2. Nf3 Nf6 3. Nc3 Nc6 4. Bc4 Bc5 5. O-O O-O 6. a3 d6 7. h3 a6 8. b4 Ba7
9. Bb2 Be6 10. Bxe6 fxe6 11. Re1 Nd4 12. Nxd4 Bxd4 13. Na4 Ba7 14. d4 b5 15.
dxe5 Nd7 16. Nc3 Bxf2+ 17. Kh1 Bxe1 18. Qxe1 Nxe5 19. Ne2 Qg5 20. Qg3 Qxg3 21.
Nxg3 Rf2 22. Rc1 Nc4 23. Bd4 Rd2 24. Bc3 Rf2 25. Kg1 Raf8 26. Bd4 R2f4 27. Re1
e5 28. Bc3 g6 29. Rd1 h5 30. Ra1 h4 31. Ne2 Rxe4 32. Nc1 Re3 33. Nd3 e4 34. Bd4
Re2 35. Nf2 Rxc2 36. Nxe4 Re2 37. Nf6+ Kf7 38. Ng4 Ke6 39. a4 Rf4 40. Bc3 Rfe4
41. axb5 axb5 42. Ra8 Ne5 43. Re8+ Kf5 44. Bxe5 dxe5 45. Rf8+ Ke6 46. Rf6+ Kd5
47. Rxg6 Re1+ 48. Kh2 Rxb4 49. Nf6+ Kc4 50. Rg4+ Kb3 51. Rg7 c5 52. Nd5 Rd4 53.
Nf6 Rdd1 54. g4 Rd2# 0-1

[Event "Women's Speed Chess Q7"]
[Site "chess.com INT"]
[Date "2021.06.06"]
[Round "5"]
[White "Doluhanova, Evgeniya"]
[Black "Grigoryan, Meri"]
[Result "1-0"]
[WhiteTitle "WGM"]
[BlackTitle "WFM"]
[WhiteElo "2192"]
[BlackElo "2044"]
[WhiteFideId "14112035"]
[BlackFideId "13300571"]
[EventDate "2021.06.06"]

1. e4 d5 2. exd5 Qxd5 3. Nc3 Qa5 4. Rb1 c5 5. a3 Nc6 6. Nf3 Nf6 7. Bb5 Bd7 8. b4
cxb4 9. axb4 Nxb4 10. Bxd7+ Nxd7 11. O-O e6 12. d4 Be7 13. Bd2 O-O 14. Ne4 Rac8
15. Qe1 Rc4 16. Rb3 b6 17. Qb1 Rfc8 18. Rc1 Qa4 19. c3 Nd5 20. h3 Qc6 21. Re1
N7f6 22. Nxf6+ Bxf6 23. Ne5 Qc7 24. Nd3 Nxc3 25. Bxc3 Rxc3 26. Rxc3 Qxc3 27. Ne5
Qxd4 28. Nf3 Qd7 29. Rd1 Qc7 30. Qa2 h6 31. Ra1 a5 32. Rb1 Rb8 33. Qa4 Qc5 34.
Rb5 Qc1+ 35. Kh2 Qc6 36. Qb3 Qc7+ 37. g3 Bd8 38. Qd3 Qe7 39. Ne5 a4 40. Nc6 Qc7
41. Nxb8 Qxb8 42. Qc4 Qe5 43. Rxe5 Bf6 44. Qd3 g6 45. Re1 Kg7 46. Rc1 b5 47. Qc2
a3 48. Rb1 a2 49. Qxa2 b4 50. Rb3 Bc3 51. Rxb4 Bxb4 52. Qb2+ f6 53. Qxb4 g5 54.
Qb7+ Kg6 55. Qf3 f5 56. Qd3 h5 57. f3 Kf6 58. g4 h4 59. Kg2 f4 60. Qe4 e5 61.
Kf2 Ke6 62. Ke2 Kd6 63. Kd3 Kc5 64. Qf5 Kb4 65. Qxe5 Kb3 66. Qxg5 Kb2 67. Qxf4
Kb1 68. Qg5 Ka1 69. Qxh4 Ka2 70. Qf2+ Kb1 71. g5 1-0